Estatísticas para Maiores Cidades do Piauí

Clique aqui para jogar o quiz

Estatísticas Gerais

  • Esse quiz foi jogado 190 vezes
  • A pontuação média é 9 de 15

Respostas no mapa

Respostas codificadas por cores de uma escala verde-vermelha no mapa do quiz de acordo com a % correta abaixo.
 

Estatísticas das Respostas

PopulaçãoCidade% Correto
818.320Teresina
100%
144.820Parnaíba
88%
62.290Picos
79%
45.950Piripiri
73%
51.990Floriano
72%
28.650Altos
64%
22.940São Raimundo Nonato
59%
34.790Campo Maior
56%
22.890Oeiras
53%
23.440Pedro II
45%
23.280Barras
39%
24.430Esperantina
37%
22.910José de Freitas
36%
21.910União
36%
20.170Piracuruca
33%

Distribuição das Pontuações

Percentil de Números Respondidos

Porcentagem de Pessoas com Cada Pontuação

Sua Pontuação Histórica

Você não jogou esse quiz